000 00923nas a2200301 4500
001 BR0900514
003 BR-BrBNA
005 20231205113047.0
007 ta
008 230509b bl.|||p| |||| 00| 00por d
040 _aBR-BrBNA
_bpor
_cBiblioteca Nacional de Agricultura
041 _a(Pt)
072 _aF04; Q70; P35
100 1 _aCorrêa, J.C.
100 1 _aBüll, L.T.
100 1 _aCrusciol, C.A.C.
100 1 _aTecchio, M.A.
245 1 _aAplicação superficial de escória, lama cal, lodos de esgoto e calcário na cultura da soja
650 _aSOJA
650 _aLODO RESIDUAL
650 _aRESÍDUO INDUSTRIAL
650 _aRECICLAGEM
650 _aCONSERVAÇÃO DO SOLO
650 _aPLANTIO DIRETO
773 0 _tPesquisa Agropecuária Brasileira (Brazil)
_xISSN 0100-204X
_g(Sep 2008), v. 43(9) p. 1209-1219
_wBR0900514
909 _a202311
_bLúcia
_c55
_dLúcia Elande
942 _2AGRIS
_n0
_cANA
999 _c201599
_d201599